| 000 | 00463nam a2200157Ia 4500 | ||
|---|---|---|---|
| 003 | LK-CoDNM | ||
| 008 | 010623t1996 xxu||||| |||| 00| 1 eng d | ||
| 040 |
_aLK-CoDNM _dLK-CoDNM _eLK-CoDNM |
||
| 041 | _aeng | ||
| 080 |
_a32 _bKAB |
||
| 100 | _aKabir,Mohammad Humayun | ||
| 245 | _aThe India Factor In Sri Lanka Foreign And Security Policy | ||
| 260 |
_bS.W.R.D Bandaranaike National Memorial Foundation _aColombo _c1996 |
||
| 300 | _b66p.;30 cm cm | ||
| 942 | _cBK | ||
| 999 |
_c117545 _d117545 |
||